| 000 | 00449nam a2200169Ia 4500 | ||
|---|---|---|---|
| 008 | 230711s9999||||xx |||||||||||||| ||und|| | ||
| 041 | _aENG | ||
| 082 |
_a621 _bLA-E |
||
| 100 | _a E.J. Lakervi | ||
| 245 | 0 | _aElectricity distribution network design | |
| 250 | _a1st Ed. | ||
| 260 |
_c1989 _aStevenage _bThe Institution of Engineering and Technology |
||
| 300 | _a320 | ||
| 650 | _aElectronics Engineering | ||
| 700 | _aE.J. Holmes | ||
| 942 | _cBK | ||
| 999 |
_c1719 _d1719 |
||